PPC - Roa, Hades66 - Estadísticas

Estadísticas generales
  • Esta prueba ha sido intentada 35 veces
  • La puntuación promedio es 313 de 484
Estadísticas de respuestas
Letra % Correcto
a
100%
de
100%
100%
se
100%
del
86%
e
86%
en
86%
eres
86%
es
86%
final
86%
fué
86%
l
86%
86%
86%
86%
mi
86%
Mi
86%
mía
86%
na
86%
o
86%
pa
86%
principio
86%
Qué
86%
que
86%
Que
86%
qué
86%
rico
86%
romance
86%
86%
si
86%
Si
86%
sin
86%
ti
86%
trance
86%
86%
86%
Tu
86%
tu
86%
Vamo
86%
Adentro
71%
adentro
71%
al
71%
con
71%
Con
71%
contigo
71%
día
71%
días
71%
energía
71%
ha
71%
la
71%
La
71%
lo
71%
Lo
71%
muchas
71%
no
71%
No
71%
pal
71%
Pasión
71%
Peleamo
71%
pero
71%
Pero
71%
quiero
71%
sabes
71%
to
71%
un
71%
vamos
71%
Y
71%
y
71%
yo
71%
Yo
71%
bajo
57%
Bebé
57%
bebé
57%
chingar
57%
diamante
57%
dice
57%
Dio
57%
el
57%
El
57%
esta
57%
gusta
57%
Hades
57%
has
57%
hay
57%
he
57%
Hércules
57%
infierno
57%
las
57%
los
57%
mataría
57%
me
57%
Me
57%
nos
57%
nuestro
57%
pase
57%
peleas
57%
presión
57%
Quiere
57%
signo
57%
solo
57%
te
57%
Te
57%
vernos
57%
zodiacal
57%
66
43%
ahh
43%
amor
43%
ayer
43%
bebesita
43%
Brad
43%
buscando
43%
buscas
43%
cama
43%
carajo
43%
casti
43%
castillo
43%
chingando
43%
chingarnos
43%
como
43%
compli
43%
corona
43%
crees
43%
cuando
43%
cumples
43%
da
43%
dar
43%
daría
43%
Deja
43%
dejas
43%
dejes
43%
diablona
43%
duro
43%
enseño
43%
ese
43%
eso
43%
Eso
43%
estamos
43%
estoy
43%
eterno
43%
existe
43%
fantasías
43%
formó
43%
hacerte
43%
hacértelo
43%
hice
43%
hoy
43%
idioma
43%
ido
43%
importa
43%
JETSKI
43%
jodiendo
43%
juro
43%
lleno
43%
llevo
43%
lobo
43%
luna
43%
Mahoma
43%
mal
43%
mañana
43%
mandas
43%
más
43%
matchea
43%
metértelo
43%
meto
43%
mis
43%
montañas
43%
nadie
43%
noche
43%
noches
43%
nosotros
43%
Oye
43%
Peleamos
43%
pendejas
43%
Pichearía
43%
Pitt
43%
por
43%
Porque
43%
preñaría
43%
puede
43%
puta
43%
quejas
43%
quieres
43%
Quieres
43%
real
43%
remix
43%
ROA
43%
Rosalía
43%
siempre
43%
soy
43%
Taba
43%
toque
43%
tuyo
43%
una
43%
vacío
43%
vida
43%
vienes
43%
vo
43%
voy
43%
vuelto
43%
ya
43%
10
29%
alejas
29%
amamos
29%
aunque
29%
Brincando
29%
clip
29%
cosas
29%
Dale
29%
diciéndonos
29%
Ehh
29%
entonces
29%
excusas
29%
gracias
29%
grita
29%
lamberte
29%
le
29%
mintiéndonos
29%
mueres
29%
nasty
29%
nena
29%
olvidar
29%
olvídate
29%
orgias
29%
pago
29%
pasado
29%
pide
29%
platina
29%
please
29%
pongo
29%
romperte
29%
suave
29%
Toy
29%
unen
29%
vas
29%
compi
14%
Ombe
14%
No se encontraron pruebas coincidentes
Distribución de puntuación
Porcentaje de gente con cada puntuación
Porcentaje por número respondido
Historial de tus puntuaciones
No has intentado esta prueba.